| 000 | 01111nam a22002897a 4500 | ||
|---|---|---|---|
| 005 | 20140710134058.0 | ||
| 008 | 140710b2012 -cn||||| |||| 00| 0 eng d | ||
| 020 | _a9292254286 | ||
| 041 | _aspa | ||
| 044 | _acn | ||
| 082 | 0 | 4 |
_a551.6 _bS44g |
| 245 | 0 | 0 |
_aGeoengineering in relation to the convention on biological diversity : _btechnical and regulatory matters |
| 260 |
_aMontreal, Canadá _bSecretariat of the Convention on Biological Diversity _c2012 |
||
| 300 |
_a152 p. _c28 cm. |
||
| 490 |
_aTechnical Series _v66 |
||
| 505 | _aParte 1. Impacts of climate-related geoengineering on biological diversity | ||
| 505 | _aParte 2. The regulatoru framework for climate-related geoengineering rlevant to the convention on biological diversity | ||
| 650 | 0 |
_aClimatic changes _924809 |
|
| 650 | 0 |
_aClimatic changes _xEnvironmental aspects. _924810 |
|
| 650 | 0 |
_aGlobal warming _91027 |
|
| 650 | 0 |
_aEngineering geology _924811 |
|
| 650 | 0 |
_aEnvironmental engineering _924812 |
|
| 700 | 1 |
_aWilliamson. P. _924813 |
|
| 700 | 1 |
_aWatson, R.T. _924814 |
|
| 700 | 1 |
_aBodle, R. _924815 |
|
| 942 |
_2ddc _cImpreso |
||
| 999 |
_c8536 _d8536 |
||